000 00627nam a2200241Ia 4500
003 OSt
005 20221005101932.0
006 a|||||r|||| 00| 0
007 ta
008 221004b |||||||| |||| 00| 0 eng d
024 _a68948
037 _cTextual
040 _aCRL
_cCRL
_beng
041 _2eng
_aeng
082 _aY:1.25263, N2
100 _aSaran Shalini
_9606720
245 0 _aHaridwar
260 _aUttaar Pradesh
_b Haridwar Development Authority
_c1992
300 _a120p.
_ccm.
650 _aSOCIOLOGY
942 _hY:1.25263, N2
_cTEXL
_2cc
999 _c1007605
_d1007605